| 000 | 00507cam a22001337a 4500 | ||
|---|---|---|---|
| 008 | 180718b2008 xxu||||| |||| 00| 0 eng d | ||
| 082 | _aAPPPA 2007-08/HAR | ||
| 100 | _aHari Mohan | ||
| 245 |
_aCompetitiveness and growth of Indian steel industry in the globalised scenario _cby Hari Mohan |
||
| 260 |
_aNew Delhi _bIndian Institute of Public Administration _c2008 |
||
| 300 | _a184p. | ||
| 500 | _aAn APPPA M.Phil dissertation, 2007-08 (Guide: Aasha Kapur Mehta) | ||
| 650 | _aSteel industry and trade - India | ||
| 999 |
_c493616 _d493616 |
||